Największe miasta Czarnogóry - Statystyki

Ogólne statystyki
  • Ten quiz został rozwiązany 20 razy
  • Średni wynik to 4 z 10
Statystyki odpowiedzi
Populacja Miasto % Poprawnych
172,139 Podgorica
100%
14,823 Bar
79%
19,497 Budva
74%
12,659 Kotor
63%
16,075 Herceg Novi
53%
12,504 Cetynia
37%
32,046 Niksic
32%
12,268 Bijelo Polje
5%
16,111 Pljevlja
5%
11,215 Rozaje
0%
Nie znaleziono quizów pasujących do podanych kryteriów
Rozkład punktacji
Procent ludzi z każdym wynikiem
Percentyl według liczby udzielonych odpowiedzi
Twoja historia wyników
Nie rozwiązałeś tego quizu